|
|
|
|
| LEADER |
00000nab a2200000 ur4500 |
| 001 |
vtls012017133 |
| 003 |
SK-MaSNL |
| 005 |
20260303095814.0 |
| 008 |
210308c2021 xo |r|p|||ab |000 b|slo |
| 015 |
|
|
|a SNBRB2021/03
|
| 038 |
|
|
|a SPK
|
| 040 |
|
|
|a SPKCL
|b slo
|c AACR2
|e AACR2
|
| 041 |
0 |
|
|a slo
|b slo
|
| 044 |
|
|
|a xo
|c SK
|
| 080 |
|
|
|a 37.091:005.25
|2 2011
|
| 080 |
|
|
|a 005.25
|2 2011
|
| 100 |
1 |
|
|a Soroková, Tatiana
|4 aut
|9 1108652
|
| 245 |
1 |
0 |
|a Pygmalion efekt a Golem efekt v riadení
|b sebanaplňujúci efekt
|c Tatiana Soroková
|
| 336 |
|
|
|a text
|b txt
|2 rdacontent
|
| 337 |
|
|
|a bez média
|b n
|2 rdamedia
|
| 338 |
|
|
|a zväzok
|b nc
|2 rdacarrier
|
| 504 |
|
|
|a Obsahuje bibliografiu
|
| 546 |
|
|
|a Slovenské resumé
|
| 650 |
0 |
7 |
|a manažment školy
|2 SNKPH
|9 67970
|
| 773 |
0 |
|
|t Manažment školy v praxi
|g Roč. 16, č. 2 (2021), s. 22-25
|x 1336-9849
|
| 852 |
|
|
|a SPK
|b KIS3GCP
|
| 958 |
|
|
|a NB
|
| 999 |
|
|
|c 1826721
|d 1828651
|